| 000 | 01258cab a2200325 4500 | ||
|---|---|---|---|
| 001 | ABS59225 | ||
| 008 | 090401t1998 xxu||||| |||| 00| 0 eng d | ||
| 035 | _a(Sirsi) u88217 | ||
| 041 | _aeng | ||
| 100 | _aTayleur, T. | ||
| 245 | _aStandard conditions of sale and covenants for title | ||
| 260 | _c1998 | ||
| 350 | _a0 | ||
| 490 |
_aSolicitors` Journal _v142(31) 7 August 1998, 746-747(2) |
||
| 520 | _aDiscusses the provisions relating to disclosure of incumbrances, of both open contract rules and the Standard Conditions of Sale (3rd edition). Examines the pre-completion situation and the post-completion situation. Considers the differences between the Standard Conditions of Sale s3.1 and the implied covenants for title. Reviews the pratical implications of drafting contracts. | ||
| 650 | _aCOVENANTS FOR TITLE | ||
| 650 | _aINCUMBRANCES | ||
| 650 | _aLATENT INCUMBRANCES | ||
| 650 | _aMISREPRESENTATION | ||
| 650 | _aOPEN CONTRACT RULES | ||
| 650 | _aPATENT INCUMBRANCES | ||
| 650 | _aPOST-COMPLETION | ||
| 650 | _aPRE-COMPLETION | ||
| 650 | _aSTANDARD CONDITIONS OF SALE | ||
| 650 | _aTITLE GUARANTEE | ||
| 650 | _aYANDLE AND SONS V SUTTON | ||
| 690 | _aPROPERTY LAW AND PRACTICE | ||
| 942 | _n0 | ||
| 948 | _c02/09/1998 | ||
| 999 |
_c55729 _d55729 |
||